Úspechy usilovnej a dobre organizovanej práce

Podrobná bibliografia
Hlavný autor: Sahúľ, Štefan (Autor)
Médium: Článok
Jazyk:slovenčina
Predmet:

MARC

LEADER 00000nab a2200000 a 4500
001 vtls000222099
003 SK-MaSNL
005 20260304172405.0
008 250526c1985 xo 0 slo
015 |a SNBRB19rr/mm-uuuuu 
035 |a CL0232213 
035 |a urn:nbn:sk:snk-ab2cn6 
035 |a (urnnbn)urn:nbn:sk:snk:ar-a025e1 
035 |a (uuid)c56fc684-c33a-46c1-a7f7-35527b96c2bd 
040 |a SNKBUCL  |b slo  |c SNKBUCL  |e AACR2 
041 0 |a slo 
044 |a xo  |c SK 
080 |a 630  |2 1981 
100 1 |a Sahúľ, Štefan  |4 aut  |9 576493 
245 1 0 |a Úspechy usilovnej a dobre organizovanej práce  |c Štefan Sahúľ 
610 2 7 |a Východoslovenské štátne lesy (Košice, Slovensko)  |2 snkbucl  |9 29878 
655 7 |a články z novín a časopisov  |2 snkbucl  |9 267496 
773 0 |t Les  |g Roč. 41, č. 8 (1985), s. 363-366 
850 |a Slovenská národná knižnica 
852 |a Slovenská národná knižnica 
954 |a odborná, vedecká literatúra pôvodná (slovenská)  |2 lita 
957 |a 5403 
958 |a ONDV 
958 |a article2022 
958 |a RK 
992 |a RBX 
999 |c 2998165  |d 3000095